| 000 | 00586nam a2200241 a 4500 | ||
|---|---|---|---|
| 001 | 0001-1092 | ||
| 003 | ELIB.Books | ||
| 008 | 150116 2010 eng | ||
| 020 | _a0802470777 | ||
| 035 | _a(ELIB.Books)0001-1247 | ||
| 092 |
_a235.4 _bTip |
||
| 100 | _aTippit, Sammy | ||
| 245 | _aFit For Battle | ||
| 260 |
_aChicago _bMoody Press _c1994 |
||
| 300 |
_a180 _c21.5 Cm |
||
| 500 | _aC/o Moe Lwai | ||
| 650 | _aSpiritual Beings | ||
| 856 |
_nKBTS; Library _uKBTS; Elib. |
||
| 942 |
_2ddc _cBK |
||
| 990 | _a1 | ||
| 998 |
_cbat _e2015-01-16 |
||
| 999 |
_c11092 _d11092 |
||